Les clubs sur le podium de la Série A depuis 2001 (football) - Statistiques

Statistiques générales
  • Ce quiz a été pris 4 965 fois
  • Le résultat moyen est 6 sur 7
Statistiques - réponses
Nombre de fois sur le podium Année(s) Club % Correct
9 2002,03,05,06,07,08,09,10,2011 Inter Milan
100%
12 2001,02,03,04,05,08,09,12,13,14,15,2016 Juventus
100%
9 2003,04,05,06,09,10,11,12,2013 AC Milan
99%
10 2001,02,04,06,07,08,10,14,15,2016 AS Rome
96%
4 2011,13,14,2016 SSC Naples
94%
3 2001,07,2015 Lazio Rome
88%
1 2012 Udinese
35%
Aucun quiz correspondant
Distribution des résultats
% des personnes avec chaque résultat
Percentile par nombre de réponses
Votre historique - résultats
Vous n’avez pas pris ce quiz